|
|
|
|
| LEADER |
01814cas a2200253 a 4500 |
| 001 |
AALejournalIMF001306 |
| 008 |
230101c9999 xx r poo 0 0eng d |
| 020 |
|
|
|c 5.00 USD
|
| 020 |
|
|
|z 9781451855371
|
| 022 |
|
|
|a 1018-5941
|
| 040 |
|
|
|a BD-DhAAL
|c BD-DhAAL
|
| 100 |
1 |
|
|a Abed, George.
|
| 245 |
1 |
0 |
|a Corruption, Structural Reforms, and Economic Performance in the Transition Economies /
|c George Abed, Hamid Davoodi.
|
| 264 |
|
1 |
|a Washington, D.C. :
|b International Monetary Fund,
|c 2000.
|
| 300 |
|
|
|a 1 online resource (47 pages)
|
| 490 |
1 |
|
|a IMF Working Papers
|
| 500 |
|
|
|a <strong>Off-Campus Access:</strong> No User ID or Password Required
|
| 500 |
|
|
|a <strong>On-Campus Access:</strong> No User ID or Password Required
|
| 506 |
|
|
|a Electronic access restricted to authorized BRAC University faculty, staff and students
|
| 520 |
3 |
|
|a Recent studies have highlighted the adverse impact of corruption on economic performance. This paper advances the hypothesis that corruption is largely a symptom of underlying weaknesses in public policies and institutions, a formulation that provides deeper insights into economic performance than do measures of 'perceived corruption.' The hypothesis is tested by assessing the relative importance of structural reforms vs. corruption in explaining macroeconomic performance in the transition economies. The paper finds that for four widely used measures of economic performance-growth, inflation, the fiscal balance, and foreign direct investment-structural reforms tend to dominate the corruption variable.
|
| 538 |
|
|
|a Mode of access: Internet
|
| 700 |
1 |
|
|a Davoodi, Hamid.
|
| 830 |
|
0 |
|a IMF Working Papers; Working Paper ;
|v No. 2000/132
|
| 856 |
4 |
0 |
|z Full text available on IMF
|u http://elibrary.imf.org/view/journals/001/2000/132/001.2000.issue-132-en.xml
|z IMF e-Library
|